Представление документа в формате RUSMARC

ПолеНазваниеЗначение
  Тип записи a
  Библиографический уровень m
001 Контрольный номер RU/CBS_UL/BASE/596634941
005 Дата корректировки 20240209174854.2
010 Индекс ISBN __
a ISBN
b Уточнения в пер.
d Цена 109 р. 00 к.
9 Тираж экз.
100 Данные общей обработки __
a Данные общей обработки 20181127d2018 ||| 0rusy0189 ca
101 Язык документа 0_
a Язык текста rus
102 Страна публикации __
a Страна публикации RU
105 Кодированные данные (монография) __
a Кодированные данные (монография) y###||||000|y
200 Заглавие и сведения об ответственности 1_
a Заглавие Наследование: Комментарий законодательства. Судебная практика. Образцы документов
b Общее обозначение материала Текст
e Сведения, относящиеся к заглавию справочные материалы
f Первые сведения об ответственности С. Г. Ляпунов
210 Выходные данные 1_
a Место издания Москва
c Издательство Право и закон
c Издательство Экзамен
d Дата издания 2003
215 Физическое описание __
a Объем 398 с.
d Формат см.
225 Серия 0_
a Серия Юридические справочники
300 Общие примечания __
a Общие примечания Ограничения по возрасту - 18+
300 Общие примечания __
a Общие примечания Под инв. номером 85537: 3-1, 4-1, 18-1
606 Тематические рубрики 0_
a Основная рубрика Наследственное право
610 Ключевые слова 0_
a Ключевые слова наследники
a Ключевые слова наследство
a Ключевые слова наследственные права
a Ключевые слова наследование
a Ключевые слова документы нормативные
686 Индексы других классификаций __
a Классификационный индекс 67.404.5
2 Код системы ББК
700 Автор _1
a Фамилия Ляпунов
b Имя (инициалы) Сергей Геннадьевич
g Полное личное имя С. Г.
801 Источник записи _0
a Страна RU
b Организация МБУК ЦБС
c Дата составления 20181127
g Правила каталогизации RCR
801 Источник записи _1
a Страна RU
b Организация МБУК ЦБС г. Ульяновска
c Дата составления 20181127
g Правила каталогизации RCR
899 Данные о местонахождении __
i Авторский знак Л 97
j Расстановочный фильтр 67.404
901 Тип документа __
t Тип документа m
910 Корректоры записи __
a Корректор записи Скрипина